<?xml version="1.0" encoding="UTF-8"?>
<record
    xmlns:xsi="http://www.w3.org/2001/XMLSchema-instance"
    xsi:schemaLocation="http://www.loc.gov/MARC21/slim http://www.loc.gov/standards/marcxml/schema/MARC21slim.xsd"
    xmlns="http://www.loc.gov/MARC21/slim">

  <leader>01898nas a2200277Ia 4500</leader>
  <controlfield tag="001">R266-R6670</controlfield>
  <controlfield tag="003">IT-CnALBA</controlfield>
  <controlfield tag="008">170116c99999999xx ||||||||||||   ||und||</controlfield>
  <datafield tag="040" ind1=" " ind2=" ">
    <subfield code="a">IT-CnALBA</subfield>
    <subfield code="c">IT-CnALBA</subfield>
  </datafield>
  <datafield tag="041" ind1=" " ind2=" ">
    <subfield code="a">ITALIANO</subfield>
  </datafield>
  <datafield tag="100" ind1=" " ind2=" ">
    <subfield code="a">GHEDDO PIERO</subfield>
  </datafield>
  <datafield tag="210" ind1=" " ind2=" ">
    <subfield code="a">MONDO E MISSIONE</subfield>
  </datafield>
  <datafield tag="222" ind1=" " ind2=" ">
    <subfield code="a">MONDO E MISSIONE</subfield>
  </datafield>
  <datafield tag="245" ind1=" " ind2="0">
    <subfield code="a">MONDO E MISSIONE. GENNAIO-DICEMBRE 1975. </subfield>
  </datafield>
  <datafield tag="250" ind1=" " ind2=" ">
    <subfield code="a">1a ed.</subfield>
  </datafield>
  <datafield tag="260" ind1=" " ind2=" ">
    <subfield code="a">PARMA - MILANO</subfield>
    <subfield code="b">MISSIONI ESTERE PONT. IST.</subfield>
    <subfield code="c">1975 [1&#xB0; Ed.:1975 - Ed.Ling.Originale: 1975]</subfield>
  </datafield>
  <datafield tag="300" ind1=" " ind2=" ">
    <subfield code="a">677 p. </subfield>
  </datafield>
  <datafield tag="310" ind1=" " ind2=" ">
    <subfield code="a">MENSILE</subfield>
  </datafield>
  <datafield tag="362" ind1=" " ind2=" ">
    <subfield code="a">Fascicolo: 1-12 / Anno: 104 (1975)</subfield>
  </datafield>
  <datafield tag="500" ind1=" " ind2=" ">
    <subfield code="a">IL SINODO DEL TERZO MONDO. ECUMENISMO PER L'ANNO SANTO. LE MISSIONI DELLA CHIESA ITALIANA. CIAD, RIVOLUZIONE CULTURALE ANTICRISTIANA. AUTENTICA LIBERAZIONE DELL'UOMO, CONCLUSIONE DEL SINODO DEI VESCOVI. POPOLI E PAESI. CHIESA DEL MONDO. ECUMENISMO E RELIGIONI. BARTOLETTI E. LAZZAROTTO A. PRETE DIOCESANO IN MISSIONE. HUMOR TERZO MONDO. CHIESA CRISTIANA, ESPERIENZA CINESE. COLOMBO D. HONGKONG, PRIMI PASSI PER L'INCONTRO INTERRELIGIOSO. ANGLICANESIMO, IL DOTTOR RAMSEI IN VISITA ALLE CHIESE CRISTIANE DELL'AMERICA LATINA. INDICE ANNATA. </subfield>
  </datafield>
  <datafield tag="501" ind1=" " ind2=" ">
    <subfield code="a">Societ&#xE0; San Paolo EM - Piazza San Paolo, 14 - 12051 ALBA (CN)  (non commercial uses only) &#xAE; Copyright 2017</subfield>
  </datafield>
  <datafield tag="520" ind1=" " ind2=" ">
    <subfield code="a">IL SINODO DEL TERZO MONDO. ECUMENISMO PER L'ANNO SANTO. LE MISSIONI DELLA CHIESA ITALIANA. CIAD, RIVOLUZIONE CULTURALE ANTICRISTIANA. AUTENTICA LIBERAZIONE DELL'UOMO, CONCLUSIONE DEL SINODO DEI VESCOVI. POPOLI E PAESI. CHIESA DEL MONDO. ECUMENISMO E RELIGIONI. BARTOLETTI E. LAZZAROTTO A. PRETE DIOCESANO IN MISSIONE. HUMOR TERZO MONDO. CHIESA CRISTIANA, ESPERIENZA CINESE. COLOMBO D. HONGKONG, PRIMI PASSI PER L'INCONTRO INTERRELIGIOSO. ANGLICANESIMO, IL DOTTOR RAMSEI IN VISITA ALLE CHIESE CRISTIANE DELL'AMERICA LATINA. INDICE ANNATA. </subfield>
  </datafield>
  <datafield tag="650" ind1=" " ind2=" ">
    <subfield code="a">MISSIONOLOGIA</subfield>
  </datafield>
  <datafield tag="942" ind1=" " ind2=" ">
    <subfield code="c">CR</subfield>
  </datafield>
  <datafield tag="957" ind1=" " ind2=" ">
    <subfield code="7">1</subfield>
  </datafield>
  <datafield tag="999" ind1=" " ind2=" ">
    <subfield code="a">58236</subfield>
    <subfield code="b">NO</subfield>
    <subfield code="g">1</subfield>
    <subfield code="c">325263</subfield>
    <subfield code="d">325263</subfield>
  </datafield>
  <datafield tag="952" ind1=" " ind2=" ">
    <subfield code="0">0</subfield>
    <subfield code="1">0</subfield>
    <subfield code="4">0</subfield>
    <subfield code="6">R_266R6670</subfield>
    <subfield code="7">1</subfield>
    <subfield code="a">ALBA</subfield>
    <subfield code="b">ALBA</subfield>
    <subfield code="d">2017-01-16</subfield>
    <subfield code="l">0</subfield>
    <subfield code="o">R266-R6670</subfield>
    <subfield code="r">2017-01-16 00:00:00</subfield>
    <subfield code="w">2017-01-16</subfield>
    <subfield code="y">CR</subfield>
    <subfield code="z">(data import: 16 gennaio 2017) - By Epidotti, Vaglietti. </subfield>
  </datafield>
</record>
